[Event "GER-chT U14"]
[Site "Kelheim"]
[Date "2022.12.27"]
[Round "2"]
[White "Lange, Tobias1111"]
[Black "Li, Luxuan"]
[Result "1-0"]
[WhiteElo "1472"]
[BlackElo "1380"]
[PlyCount "57"]
[EventDate "2022.12.26"]
[EventType "team-swiss"]
[EventRounds "7"]
[EventCountry "GER"]
[SourceTitle "CBM 212 Extra"]
[Source "ChessBase"]
[SourceDate "2023.03.31"]
[SourceVersion "1"]
[SourceVersionDate "2023.03.31"]
[SourceQuality "1"]
[WhiteTeam "Garching"]
[BlackTeam "Kiel Doppelbauer"]
[WhiteTeamCountry "GER"]
[BlackTeamCountry "GER"]

1. e4 e5 2. Nf3 Nc6 3. Nc3 Nf6 4. d4 exd4 5. Nxd4 Be7 6. Nxc6 dxc6 7. Qxd8+ Bxd8 8. Bg5 0-0 9. 0-0-0 Be7 10. e5 Nd5 11. Bxe7 Nxe7 12. Bc4 Bf5 13. h3 Rad8 14. g4 Bc8 15. f4 b5 16. Bb3 Bb7 17. Rhe1 a6 18. Ne4 Ng6 19. Ng5 Nxf4 20. Bxf7+ Kh8 21. e6 Rxd1+ 22. Rxd1 Nxe6 23. Nxe6 Rc8 24. Nc5 Ba8 25. Rd7 g6 26. Be6 a5 27. h4 a4 28. Ne4 Rf8 29. Ng5 1-0

[Event "GER-ch U12"]
[Site "Willingen"]
[Date "2022.06.06"]
[Round "3"]
[White "Li, Luxuan"]
[Black "Uyar, Levin"]
[Result "0-1"]
[WhiteElo "1235"]
[BlackElo "1306"]
[PlyCount "96"]
[EventDate "2022.06.04"]
[EventType "swiss"]
[EventRounds "9"]
[EventCountry "GER"]
[SourceTitle "CBM 208 Extra"]
[Source "ChessBase"]
[SourceDate "2022.07.31"]
[SourceVersion "1"]
[SourceVersionDate "2022.07.31"]
[SourceQuality "1"]

1. e4 e5 2. Nf3 Nc6 3. d4 exd4 4. Nxd4 Nf6 5. Nxc6 bxc6 6. e5 Qe7 7. Qe2 Nd5 8. g3 g6 9. a3 Bg7 10. f4 0-0 11. Bg2 Re8 12. 0-0 Bb7 13. c4 Nb6 14. Qc2 Qc5+ 15. Kh1 Qxc4 16. Qxc4 Nxc4 17. Rf3 f6 18. b3 Nb6 19. exf6 Bxf6 20. Ra2 Re1+ 21. Rf1 Rae8 22. Bd2 Rxf1+ 23. Bxf1 c5+ 24. Bg2 Bxg2+ 25. Kxg2 Re2+ 26. Kh3 c4 27. bxc4 Nxc4 28. Rc2 d5 29. g4 g5 30. fxg5 Bxg5 31. Rxc4 dxc4 32. Bxg5 Rb2 33. Nd2 c3 34. Nc4 Rb3 35. Kg2 c2 36. Kf2 Rc3 37. Ne5 c1Q 38. Bxc1 Rxc1 39. h4 Rc3 40. a4 Ra3 41. h5 Rxa4 42. Kg3 Kg7 43. g5 c5 44. Kf3 Rh4 45. h6+ Kg8 46. Kg3 Re4 47. Ng4 Rxg4+ 48. Kxg4 a5 0-1